<?xml version="1.0" encoding="UTF-8"?><?xml-stylesheet type="text/xsl" href="static/style.xsl"?><OAI-PMH xmlns="http://www.openarchives.org/OAI/2.0/" xmlns:xsi="http://www.w3.org/2001/XMLSchema-instance" xsi:schemaLocation="http://www.openarchives.org/OAI/2.0/ http://www.openarchives.org/OAI/2.0/OAI-PMH.xsd"><responseDate>2026-04-14T08:17:07Z</responseDate><request verb="GetRecord" identifier="oai:www.recercat.cat:2072/489358" metadataPrefix="marc">https://recercat.cat/oai/request</request><GetRecord><record><header><identifier>oai:recercat.cat:2072/489358</identifier><datestamp>2026-03-17T17:28:42Z</datestamp><setSpec>com_2072_353036</setSpec><setSpec>com_2072_351515</setSpec><setSpec>com_2072_1741</setSpec><setSpec>col_2072_353684</setSpec></header><metadata><record xmlns="http://www.loc.gov/MARC21/slim" xmlns:dcterms="http://purl.org/dc/terms/" xmlns:xsi="http://www.w3.org/2001/XMLSchema-instance" xmlns:doc="http://www.lyncode.com/xoai" xsi:schemaLocation="http://www.loc.gov/MARC21/slim http://www.loc.gov/standards/marcxml/schema/MARC21slim.xsd">
   <leader>00925njm 22002777a 4500</leader>
   <datafield ind2=" " ind1=" " tag="042">
      <subfield code="a">dc</subfield>
   </datafield>
   <datafield ind2=" " ind1=" " tag="720">
      <subfield code="a">Español i Coll, Francesc</subfield>
      <subfield code="e">author</subfield>
   </datafield>
   <datafield ind2=" " ind1=" " tag="720">
      <subfield code="a">Viñolas, Amador</subfield>
      <subfield code="e">author</subfield>
   </datafield>
   <datafield ind2=" " ind1=" " tag="260">
      <subfield code="c">1983</subfield>
   </datafield>
   <datafield ind2=" " ind1=" " tag="520">
      <subfield code="a">A partir de un abundante material reunido en el Museo dede Zoología de Barcelona, se pro&#xd;
sigue la revisión, comenzada por E. GRIDELLI en el año 1945, del grupo prolixum, interpretado de una forma errónea, hasta ahora, en el sentido de reunir tres formas bien definidas morfológica y geográficamente (G. prolixum ER., G. obscurum KüsT. y G. yelamosi n. sp.) en&#xd;
tuna sola unidad especifica. El trabajo se completa con la revisión global dee los l representantes del grupo, basada prin&#xd;
cipalmente en la conformación del edeago y en las caracteristicas externas del &amp;. Se acompa- y el correspondiente&#xd;
mento bibliográfico.</subfield>
   </datafield>
   <datafield ind2=" " ind1=" " tag="520">
      <subfield code="a">A partir de l'abondant matériel réuni dans le Musée de Zoologie de Barcelone, nous&#xd;
suivons la revision commencée pour E. GRIDELLI, dans l'annéeée 1945, 1945, du groupe du prolixun&#xd;
intreprété d'une manière erronée jusqu'à le présent dansns le sens de réunir trois formes bien&#xd;
définies morphologique et geographiquement (C. (G prolirum ER., G.G. obscurum KüST. et G. yelamosi n. sp.) dans une seule unité spécifique.&#xd;
basée&#xd;
Nous finissons le travail avec la revision globale des représentants du groupe, incipaloment la do en la conformation de ledéage et des caractéristiques externes du mal de séparation spécifique, mâle. avec d'ab</subfield>
   </datafield>
   <datafield ind1="8" ind2=" " tag="024">
      <subfield code="a">https://hdl.handle.net/2072/489358</subfield>
   </datafield>
   <datafield ind2="0" ind1="0" tag="245">
      <subfield code="a">Revisión de los Gonocephalum del grupo prolixum (Col., Opatrinae)</subfield>
   </datafield>
</record></metadata></record></GetRecord></OAI-PMH>